El proceso penal en primera instancia/ (Registro nro. 8095)
[ vista simple ]
| 000 -LEADER | |
|---|---|
| fixed length control field | 01191nam a2200193Ia 4500 |
| 005 - FECHA Y HORA DE LA ÚLTIMA TRANSACCIÓN | |
| control field | 20230509110422.0 |
| 008 - FIXED-LENGTH DATA ELEMENTS--GENERAL INFORMATION | |
| fixed length control field | 230506s9999 xx 000 0 und d |
| 040 ## - CATALOGING SOURCE | |
| Original cataloging agency | UPAN |
| Transcribing agency | Biblioteca San Vicente |
| Description conventions | RCAA2 |
| 041 ## - LANGUAGE CODE | |
| Language code of text/sound track or separate title | spa |
| 082 ## - DEWEY DECIMAL CLASSIFICATION NUMBER | |
| Classification number | 345.05 |
| Item number | A775p |
| 100 ## - MAIN ENTRY--PERSONAL NAME | |
| Personal name | Arrieta Gallegos, Manuel |
| Relator code | aut. |
| 245 #0 - TITLE STATEMENT | |
| Title | El proceso penal en primera instancia/ |
| Remainder of title | Dr. Manuel Arrieta Gallegos |
| 250 ## - EDITION STATEMENT | |
| Edition statement | 2° ed. |
| 260 ## - PUBLICATION, DISTRIBUTION, ETC. (IMPRINT) | |
| Place of publication, distribution, etc | El Salvador: |
| Name of publisher, distributor, etc | Juridica Salvadoreña, |
| Date of publication, distribution, etc | 1994 |
| 300 ## - PHYSICAL DESCRIPTION | |
| Extent | 432 p.: |
| Dimensions | 25 cm. |
| 505 ## - FORMATTED CONTENTS NOTE | |
| Formatted contents note | Capitulo preliminar. La funciòn jurisdiccional penal.<br/>Capitulo primero. Principios generales del Còdigo Procesal Penal<br/>Capitulo segundo. Jurisdicciòn y competencia<br/>Capitulo tercero. Sujetos procesales<br/>Capitulo cuarto. El proceso : manera de iniciarlo.<br/>Capitulo quinto. El derecho a la libertad individual<br/>Capitulo sexto. Pruebas del cuerpo del delito y de la delincuencia<br/>Capitulo sèptimo. Sistemas de valoraciòn de la prueba<br/>Capitulo octavo. Clausura de la instrucciòn <br/>Capitulo noveno. El jurado. Bosquejo històrico<br/>Capitulo decimo. La sentencia: concepto y clasificaciòn. Forma de la sentencia definitiva |
| 650 ## - SUBJECT ADDED ENTRY--TOPICAL TERM | |
| Source of heading or term | LEMB |
| Topical term or geographic name as entry element | Procedimiento penal |
| 942 ## - ADDED ENTRY ELEMENTS (KOHA) | |
| Koha item type | Libros |
| Source of classification or shelving scheme | Dewey Decimal Classification |
| Withdrawn status | Lost status | Source of classification or shelving scheme | Damaged status | Not for loan | Collection code | Home library | Current library | Date acquired | Total Checkouts | Full call number | Barcode | Date last seen | Copy number | Price effective from | Koha item type |
|---|---|---|---|---|---|---|---|---|---|---|---|---|---|---|---|
| Dewey Decimal Classification | Colección General | Biblioteca UPAN San Vicente | Biblioteca UPAN San Vicente | 06/05/2023 | 345.05 A775p | 12000744 | 06/05/2023 | 01 | 06/05/2023 | Libros | |||||
| Dewey Decimal Classification | Colección General | Biblioteca UPAN San Vicente | Biblioteca UPAN San Vicente | 06/05/2023 | 345.05 A775p | 12000745 | 09/05/2023 | 02 | 06/05/2023 | Libros |